Pokémon - Les attaques de Registeel - Statistiques

Statistiques générales
  • Ce quiz a été pris 13 fois
  • Le résultat moyen est 14 sur 17
Statistiques - réponses
Niveaux Types Noms des attaques % Correct
Niveau 66 Électrique Élecanon
100%
Départ Acier Griffe Acier
100%
Niveau 24 Acier Luminocanon
100%
Niveau 36 Acier Mur de Fer
100%
Niveau 12 Roche Pouvoir Antique
100%
Niveau 54 Combat Surpuissance
100%
Niveau 72 Normal Ultralaser
100%
Niveau 78 Normal Explosion
86%
Niveau 30 Spectre Malédiction
86%
Niveau 6 Sol Piétisol
86%
Niveau 42 Combat Marto-Poing
71%
Départ Électrique Rayon Chargé
71%
Niveau 48 Acier Tacle Lourd
71%
Niveau 24 Acier Tête de Fer
71%
Niveau 60 Normal Verrouillage
71%
Niveau 18 Normal Écrasement
57%
Niveau 36 Psy Amnésie
43%
Aucun quiz correspondant
Distribution des résultats
% des personnes avec chaque résultat
Percentile par nombre de réponses
Votre historique - résultats
Vous n’avez pas pris ce quiz